000 00322nam a2200133Ia 4500
008 220204s9999 xx 000 0 und d
082 _a033
_bJAM;1
100 _aJAMES, Clifford L
245 0 _aPrinciples of economics
250 _aEd.9
260 _aNew York
_bBarnes & Noble
_c1956
650 _aEconomics
942 _cBK
999 _c34096
_d34096